000 00656nam a22002297a 4500
003 OSt
005 20150409153424.0
008 150409b xxu||||| |||| 00| 0 eng d
020 _a0727916696
040 _cDNLM
082 _aWO 250 A31a 2004
245 _aABC of resuscitation /
_cEdited by M C Colquhoun, A J Handley and T R Evans
250 _a5th ed.
260 _aLondon:
_bBMJ books;
_c2004.
300 _axiii, 111 p:
_bcol.ill;
_c27 cm.
504 _aIncludes index.
650 _aResuscitation
_93638
700 _4Editor
_aColquhoun M C
_93639
700 _4Editor
_aHandley A J
_93640
700 _4Editor
_aEvans T R
_93641
942 _2z
_cSLOAN
999 _c1374
_d1374